00773cam a22002177a 4500003000500000005001700005008004100022010001000063011001000073035001000083040000900093100002600102245015200128260004100280300002200321502010800343650001900451650003200470650002300502650003000525CHAP20250912083915.0020226d2002 mx r 00110 spa d a85382 a86354 a96892 cCHAP00aMeraz Meraz, Adriana.10aInfluencia de los sistemas de labranza convencional, mínima y cero sobre la dinámica del banco de semillas de malezasc/por Adriana Meraz Meraz aChapingo, Méx. :bEl autor,c2002. a28 h. ;bgráfs. aTesis (Ing. Agr. Esp. en Parasitología Agrícola) --UACH. Departamento de Parasitología Agrícola14aLabranza cero.14aLabranza de conservación.14aLabranza mínima.17aMalas hierbasxSemillas2